GÜLÜNÇ HAKİKATLER (Record no. 1208295)

MARC details
000 -LEADER
sabit uzunluktaki kontrol alanı 00259nam a2200097Ia 4500
001 - KONTROL NUMARASI
kontrol alanı 1208295
005 - EN SON İŞLEMİN TARİH VE ZAMANI
kontrol alanı 20250827022843.0
008 - SABİT-UZUNLUKTA VERİ ÖĞELERİ--GENEL BİLGİ
sabit uzunluktaki kontrol alanı 250824s9999 xx 000 0 und d
245 #0 - ESER / YAZAR
ESER ADI GÜLÜNÇ HAKİKATLER
Yazar Adı OSMAN YÜKSELSERDENGEÇTİ
260 ## - YAYIN, DAĞITIM, VB.
YAYIN EVİ TEDEV YAYINLARI
Holdings
Düşüm durumu Kayıp durumu Sınıflandırma Kaynağı veya raf şeması Hasar Durumu Ödünç verilmez Ana kütüphane Geçerli Kütüphane Edinilen tarih Toplam ödünç verme sayısı Tam yer numarası Barkod Son görüntüleme tarihi Fiyatın geçerli olmaya başladığı tarih Koha materyal türü
    Dewey Ondalık Sınıflama     KONYA ATATÜRK ANADOLU LİSESİ KONYA ATATÜRK ANADOLU LİSESİ 24.08.2025   L-6 11012620 27.08.2025 27.08.2025 Books